00573cam a2200193ua 45000010005000000080039000050200018000440400009000620410008000710820014000791000028000932450062001212500039001832600047002223000010002696530042002796530024003216530034003459559160218n ii |||gr||||Z||||||asm a9788120288515 cMAIN aasm a491.45103 aNath, Junaram,eAuthor.1 aAsomor manuhor upadhi aru gutro abhidhancby Junaram Nath a1st ed. / bAsamiya jatiya kosh-1. aNagaon:bJagaran sahitya prakashan,c2015. a454p. aEast Indo-European & Celtic languages aAssamese dictionary aDictionary on title and gutro